Prístupy k analýze veriteľského rizika

Charakteristika a definovanie veriteľského rizika. Špecifické prístupy pre analýzu veriteľského rizika. Rozdelenie veriteľov podľa doby trvania úverového vzťahu. Prístup krátkodobých veriteľov. Prístup dlhodobých veriteľov. Ďalšie hodnotenie spôsobilosti dlžníka. Analýza rizika angažovanosti. Anal...

Descripción completa

Guardado en:
Detalles Bibliográficos
Autor principal: Kriško, Henrich
Formato: Capítulo de libro
Lenguaje:eslovaco
Materias:
Etiquetas: Agregar Etiqueta
Sin Etiquetas, Sea el primero en etiquetar este registro!

MARC

LEADER 00000naa$a2200000$$$4500
001 0014371
005 20240502071400.0
041 0 |a slo 
044 |a SK 
245 1 0 |a Prístupy k analýze veriteľského rizika  |c Henrich Kriško 
520 |a Charakteristika a definovanie veriteľského rizika. Špecifické prístupy pre analýzu veriteľského rizika. Rozdelenie veriteľov podľa doby trvania úverového vzťahu. Prístup krátkodobých veriteľov. Prístup dlhodobých veriteľov. Ďalšie hodnotenie spôsobilosti dlžníka. Analýza rizika angažovanosti. Analýza rizika spojeného s vymáhaním pohľadávky. Kvalifikácia celkovej straty pri realizácii veriteľského rizika. 
610 2 0 |a riziko úverové 
610 2 0 |a riziko 
610 2 0 |a veritelia 
610 2 0 |a úver 
610 2 0 |a pohľadávky 
610 2 0 |a dlžníci 
610 2 0 |a analýzy 
610 2 0 |a likvidita 
610 2 0 |a solventnosť 
610 2 0 |a rating 
610 2 0 |a bonita 
100 1 |a Kriško, Henrich